[Event "ch-GBR KO 2018"]
[Site "London ENG"]
[Date "2018.12.17"]
[Round "4.7"]
[White "Howell, David W L"]
[Black "Adams, Michael"]
[Result "1/2-1/2"]
[WhiteTitle "GM"]
[BlackTitle "GM"]
[WhiteElo "2696"]
[BlackElo "2703"]
[WhiteFideId "410608"]
[BlackFideId "400041"]
[EventDate "2018.12.11"]

1. Nf3 d5 2. c4 e6 3. g3 Nf6 4. Bg2 dxc4 5. Qa4+ Bd7 6. Qxc4 c5 7. Ne5 Qc8 8.
Qd3 Nc6 9. Nxd7 Qxd7 10. Qxd7+ Kxd7 11. d3 Rc8 12. Nc3 Be7 13. Be3 Rhd8 14. Rc1
b6 15. O-O Ke8 16. Rfd1 Nd5 17. Bd2 Bf6 18. Kf1 g6 19. Be1 h5 20. Rb1 Nd4 21.
Rdc1 a5 22. Ne4 Bg7 23. Nd2 Bh6 24. e3 Nc6 25. Nc4 Rb8 26. a3 Bg7 27. Ke2 Ne5
28. Nxe5 Bxe5 29. Rc4 Bd6 30. h3 Rbc8 31. Rbc1 Kd7 32. Bd2 Ne7 33. R4c2 Rc7 34.
g4 hxg4 35. hxg4 Rh8 36. Rh1 Rxh1 37. Bxh1 Rc8 38. Rc1 Rh8 39. Bg2 Rh2 40. Kf1
Rh4 41. Bf3 Nc6 42. d4 a4 43. Kg2 Rh2+ 44. Kg1 Rh4 45. Be1 f5 46. gxf5 gxf5 47.
Kg2 Ne7 48. dxc5 Bxc5 49. Bc3 Nd5 50. Rd1 Kd6 51. Be1 Rh8 52. Kf1 Rd8 53. Ke2
Ke7 54. Bd2 Bd6 55. Rh1 Be5 56. Rb1 b5 57. Be1 Kf6 58. Kf1 Kf7 59. b3 Nc3 60.
Bxc3 Bxc3 61. bxa4 bxa4 62. Rb7+ Kf6 63. Ra7 f4 64. Rxa4 fxe3 65. fxe3 Rd2 66.
Rc4 Be5 67. a4 Ra2 68. Be2 Bg3 69. Rg4 Be5 70. Kf2 Kf5 71. Rc4 Ra3 72. Kf3 Rc3
73. Rh4 Bf6 74. Rf4+ Ke5 75. a5 Ra3 76. a6 Bg5 77. Re4+ Kd6 78. Bc4 e5 79. Ke2
Bh6 80. Kd2 Bg5 81. Ke2 Bh6 82. Kf2 Bg5 83. Kf3 Bh6 84. Bf1 Bg5 85. Bb5 Bh6 86.
Kf2 Bg5 87. Ke2 Bh6 88. Bd3 Bg5 89. Rg4 Bd8 90. Rg6+ Kd5 91. Bb5 Kc5 92. Bd3 Kd5
93. Rg1 e4 94. Bb5 Ra2+ 95. Kf1 Bb6 96. Rg5+ Kd6 97. Rg6+ Kc5 98. Be2 Ba7 99.
Rg7 Bb6 100. Kf2 Kc6 101. Rg6+ Kc7 102. Rg7+ Kc6 103. Rg6+ Kc7 104. Re6 Ra4 105.
Re5 Kd6 106. Re8 Kc7 107. Re7+ Kd6 108. Rb7 Kc6 109. Rb8 Ra3 110. Rc8+ Kd6 111.
Kg2 Bxe3 112. Re8 Ra2 113. Kf1 Ra1+ 114. Kg2 Ra2 115. Kf1 1/2-1/2

[Event "ch-GBR KO 2018"]
[Site "London ENG"]
[Date "2018.12.17"]
[Round "4.8"]
[White "McShane, Luke J"]
[Black "Jones, Gawain C B"]
[Result "0-1"]
[WhiteTitle "GM"]
[BlackTitle "GM"]
[WhiteElo "2664"]
[BlackElo "2682"]
[WhiteFideId "404853"]
[BlackFideId "409561"]
[EventDate "2018.12.11"]

1. d4 Nf6 2. Bg5 d5 3. e3 c5 4. Bxf6 gxf6 5. dxc5 Nc6 6. Nf3 e6 7. c4 dxc4 8.
Nbd2 Bxc5 9. Bxc4 Bd7 10. O-O f5 11. Rc1 Bb6 12. e4 Qf6 13. exf5 Qxf5 14. Qe2
Bc7 15. Bd3 Qf4 16. g3 Qh6 17. b4 Bb6 18. b5 Ne7 19. Ne5 Rd8 20. Ndc4 Bxb5 21.
Nxf7 Kxf7 22. Ne5+ Kg7 23. Bxb5 Qg5 24. Nf3 Qf6 25. Rc4 Ng6 26. Re4 Rhf8 27. Kg2
Rd5 28. Bc4 Rf5 29. Rxe6 Qc3 30. Rxg6+ hxg6 31. Qe7+ R8f7 32. Bxf7 Qxf3+ 33. Kg1
Bxf2+ 0-1

[Event "ch-GBR KO 2018"]
[Site "London ENG"]
[Date "2018.12.17"]
[Round "4.8"]
[White "Adams, Michael"]
[Black "Howell, David W L"]
[Result "1/2-1/2"]
[WhiteTitle "GM"]
[BlackTitle "GM"]
[WhiteElo "2703"]
[BlackElo "2696"]
[WhiteFideId "400041"]
[BlackFideId "410608"]
[EventDate "2018.12.11"]

1. e4 c6 2. Nc3 d5 3. Nf3 dxe4 4. Nxe4 Nf6 5. Nxf6+ exf6 6. Bc4 Bd6 7. Qe2+ Be7
8. O-O O-O 9. Re1 Bd6 10. h3 Na6 11. d4 Nc7 12. Bd2 a5 13. a4 Nd5 14. c3 Be6 15.
Bd3 Re8 16. Qe4 g6 17. Qh4 Qd7 18. Bc4 Be7 19. Bh6 Rad8 20. Rad1 b5 21. axb5
cxb5 22. Bxd5 Bxd5 23. Re3 Bxf3 24. Rxf3 f5 25. Qf4 Bd6 26. Qd2 a4 27. Re1 Re4
28. Rfe3 Rde8 29. f3 R4e6 30. Kf1 Bg3 31. R1e2 Qd5 32. Rxe6 Rxe6 1/2-1/2